00406cam a2200157ua 45000010005000000080039000050400009000440820008000531000028000612450047000892500009001362600039001453000020001846530014002046530030002182233110805n ii |||gr||||Z||||||eng cMAIN a370 aBhatia, K. K.,eAuthor.1 aFirst course in educationcby K. K. Bhatia a1st. aLudhiana:bKalyani Publishers,995. ax; 268p:c23cm. aEducation aFirst course in education